Всеподданнейшие доклады по разным предметам за 1884 год

Доступно только в Электронных читальных залах Найти на картеНа карте
RUSMARC
00003762nmc2a22002413x 450
001b28ed9f5-77b7-4371-8bf2-eb7d8b1208ce
00520240227171300.0
100##$a20230531l18841884k l0rusy0189 ca
1010#$arus
102##$aRU
105##$ay###
1222#$ad
2001#$aВсеподданнейшие доклады по разным предметам за 1884 год
$j12 января - 18 декабря 1884 г.
215##$a33 л.
$d39,5х24 см
251##$cДело
300##$aНа бланке обложки указано: "№4. Дело Кабинета его императорского величества, административного отдела, делопроизводства"
371##$aДокумент не является опубликованным и широко распространяемым
461#0$10013d7c611c-06e8-448a-b7f5-c27d405dea74
$12001
$aОбщий план земель, купленных у графини Орловой-Чесменской
$1251
$cДело
$1852
$j1704
462#0$10013fdf18fa-0981-4b88-94e1-b2aefee42d7a
$12001
$aВысочайшие указы и всеподданнейшие доклады по Министерству императорского двора
$1251
$cОпись
$1852
$j22
801#0$aRU
$bРГИА
$c20230531
$gRCR
801#1$aRU
$bГлавНИВЦ
$c20230531
$2rusmarc
801#2$aRU
$bПБ им. Б.Н. Ельцина
$c20240227
$gRCR
$2rusmarc
850##$aРГИА
852##$aРГИА
$eФедеральное казенное учреждение "Российский государственный исторический архив" (РГИА)
$j10
937##$hРГИА
$d12402895
$aASBIBLIO_SCAN
035##$aRusGRCC00067955
856##$uhttp://readingroom.main.prlib.ru/item.aspx?id_node=n191145089&mode=full
Формат отображения